|
|
|
|
| LEADER |
00617cam a2200157 7i4500 |
| 001 |
0000001074 |
| 005 |
20090427090000.0 |
| 020 |
|
|
|a 9676112690 (pbk.)
|
| 090 |
0 |
0 |
|a HC445.5
|b .I47 2002
|
| 245 |
0 |
0 |
|a Impak pembangunan :
|b kualiti hidup dan persekitaran
|c Lukman Z. Mohamad...[et.al].
|
| 260 |
|
|
|a Kuala Lumpur:
|b Utusan Publications & Distributors Sdn. Bhd.,
|c 2002.
|
| 300 |
|
|
|a xii, 214 p.:
|b ill.;
|c 22 cm.
|
| 650 |
0 |
0 |
|a Environmental policy --
|z Malaysia
|
| 650 |
0 |
0 |
|a Economic developments --
|x Enviromental aspects --
|z Malaysia
|
| 700 |
0 |
|
|a Lukman Z. Mohamad
|
| 999 |
|
|
|a 0000005887
|b BOK
|c OPEN SHELF
|e 1st Floor, Bestari Jaya
|